Historia del Africa negra

محفوظ في:
التفاصيل البيبلوغرافية
المؤلف الرئيسي: Ki-Zerbo, Joseph (مؤلف)
التنسيق: كتاب
اللغة:الإسبانية
منشور في: Madrid Alianza 1980
سلاسل:Alianza Universidad
الموضوعات:
الوسوم: إضافة وسم
لا توجد وسوم, كن أول من يضع وسما على هذه التسجيلة!

MARC

LEADER 00000nam a2200000 a 4500
001 UCO2321
003 CL-VaPUC
008 000602e19800000SP |||||||||||||||||spa|d
082 0 4 |a 960  |b KIZ  |2 21 
100 |a Ki-Zerbo, Joseph  |e author  |9 445383 
245 1 0 |a Historia del Africa negra 
300 |a 2 v 
942 |c BK 
945 |d 20000602 00:00:00  |a rherrera 
260 |a Madrid  |b Alianza  |c 1980 
500 |a v.1: Desde los Orígenes al Siglo XIX 
500 |a v.2: Del Siglo XIX a la Epoca Actual 
650 7 |a HISTORIA DE AFRICA  |2 CL-VaPUC  |9 437682 
650 0 |a Prehistoria  |9 316557 
650 7 |a REINOS AFRICANOS  |2 CL-VaPUC  |9 445384 
650 7 |a COLONIZACION EUROPEA  |2 CL-VaPUC  |9 437452 
650 0 |a Descolonización   |9 318067 
651 0 |a África  |9 256790 
651 0 |a Egipto   |9 268199 
651 7 |a MADAGASCAR  |2 CL-VaPUC  |9 357929 
583 |a last modification  |c 20000602 00:00:00  |k Rodrigo Vera 
490 0 |a Alianza Universidad 
999 |c 288856  |d 288854 
952 |0 0  |1 0  |4 0  |6 960_000000000000000_KIZ_1980  |7 0  |8 A  |9 336808  |a BIBHIS  |b BIBHIS  |d 2019-11-20  |h v.1  |i 1285084  |o 960 KIZ 1980  |p 1285084  |r 2025-01-20  |w 2019-11-20  |y BK  |k HIS 
952 |0 0  |1 0  |4 0  |6 960_000000000000000_KIZ_1980  |7 0  |8 A  |9 336809  |a BIBHIS  |b BIBHIS  |d 2019-11-20  |h v.2  |i 1285092  |l 2  |o 960 KIZ 1980  |p 1285092  |r 2025-01-20  |s 2023-06-28  |w 2019-11-20  |y BK  |k HIS 
952 |0 0  |1 0  |4 0  |6 960_000000000000000_KIZ_1980  |7 0  |8 A  |9 336810  |a BIBHIS  |b BIBHIS  |d 2019-11-20  |h v.1  |i 1285106  |l 1  |o 960 KIZ 1980  |p 1285106  |r 2025-01-20  |s 2023-06-28  |w 2019-11-20  |y BK  |k HIS 
952 |0 0  |1 0  |4 0  |6 960_000000000000000_KIZ_1980  |7 0  |8 A  |9 336811  |a BIBHIS  |b BIBHIS  |d 2019-11-20  |h v.2  |i 1285114  |o 960 KIZ 1980  |p 1285114  |r 2025-01-20  |w 2019-11-20  |y BK  |k HIS